000 00615 a2200169 4500
005 20190909081622.0
008 190610b1976 sp ||||| |||| 00| 0 spa d
020 _a8474050197
040 _aCO-BoUCM
_bspa
_cJuan Jose Mateus
_dJuan Jose Mateus
041 0 _aspa
100 1 0 _aAriño ortíz , Gaspar
_997028
245 1 4 _aLas tarifas de los servicios públicos
_bpoder tarifario, poder de tasación y control judicial
_cGaspar Ariño ortíz
260 _bInstituto García Oviedo
_c1976
_aMadrid
650 7 _912836
_aDerecho tributario
942 _cLIBRO
_2LOCAL
_a8
_e1
_h343.09
_mM737t
_n0
999 _c313176
_d313176